Marino's ICU book (Record no. 7966)

MARC details
000 -LEADER
fixed length control field 00771nam a22002417a 4500
003 - CONTROL NUMBER IDENTIFIER
control field OSt
005 - DATE AND TIME OF LATEST TRANSACTION
control field 20220810100402.0
008 - FIXED-LENGTH DATA ELEMENTS--GENERAL INFORMATION
fixed length control field 220810b ||||| |||| 00| 0 eng d
020 ## - INTERNATIONAL STANDARD BOOK NUMBER
International Standard Book Number 9789387506640
040 ## - CATALOGING SOURCE
Transcribing agency NLM
082 ## - DEWEY DECIMAL CLASSIFICATION NUMBER
Classification number WB105
Item number M338m 2021
100 ## - MAIN ENTRY--PERSONAL NAME
Personal name Paul L. Marino; Samuel M. Galvagno
9 (RLIN) 16179
245 ## - TITLE STATEMENT
Title Marino's ICU book
250 ## - EDITION STATEMENT
Edition statement 4th ed.
260 ## - PUBLICATION, DISTRIBUTION, ETC. (IMPRINT)
Place of publication, distribution, etc. Philadelphia :
Name of publisher, distributor, etc. Wolters Kluwer,;
Date of publication, distribution, etc. 2021
300 ## - PHYSICAL DESCRIPTION
Extent xv, 887 pages ;
Dimensions 19 cm.
504 ## - BIBLIOGRAPHY, ETC. NOTE
Bibliography, etc Includes bibliographical references and index.
650 ## - SUBJECT ADDED ENTRY--TOPICAL TERM
Topical term or geographic name as entry element Critical care medicine -- Handbooks, manuals, etc.
9 (RLIN) 16180
650 ## - SUBJECT ADDED ENTRY--TOPICAL TERM
Topical term or geographic name as entry element Critical Care.
9 (RLIN) 10626
650 ## - SUBJECT ADDED ENTRY--TOPICAL TERM
Topical term or geographic name as entry element Intensive care units -- Handbooks, manuals, etc.
9 (RLIN) 16181
650 ## - SUBJECT ADDED ENTRY--TOPICAL TERM
Topical term or geographic name as entry element Intensive Care Units.
9 (RLIN) 16182
942 ## - ADDED ENTRY ELEMENTS (KOHA)
Source of classification or shelving scheme Other/Generic Classification Scheme
Koha item type Book
Holdings
Withdrawn status Lost status Source of classification or shelving scheme Damaged status Not for loan Home library Current library Date acquired Source of acquisition Inventory number Total Checkouts Full call number Barcode Date last seen Price effective from Koha item type
    Other/Generic Classification Scheme     MUST Main Library MUST Main Library 10/08/2022 Purchase 22/41873   WB105 M338m 2021 2022-7830 10/08/2022 10/08/2022 Book
    Other/Generic Classification Scheme     MUST Main Library MUST Main Library 10/08/2022 Purchase 22/41872   WB105 M338m 2021 2022-7831 10/08/2022 10/08/2022 Book
    Other/Generic Classification Scheme     MUST Main Library MUST Main Library 10/08/2022 Purchase 22/41874   WB105 M338m 2021 2022-7832 10/08/2022 10/08/2022 Book